000 01128cam a2200313 a 4500
001 000014555
003 DO-SdBNP
005 20251030095111.0
008 040422s1998 ve b 000 0bspa
020 _a9800013563
040 _aDO-SdBNP
_bspa
_cBNPHU
049 _aBNGR
082 4 _a303.4
_bS998p
_222
100 1 _aSzinetár Gabaldón, Miguel.
_923272
245 1 3 _aEl proyecto de cambio social de Alberto Adriani, 1914-1936 /
_cMiguel Szinetár Gabaldón.
260 _aCaracas :
_bCENDES ;
_bUniversidad Central de Venezuela,
_c1998.
300 _axii, 233 p. ;
_c24 cm.
490 1 _aMención publicación,
504 _aBibliografías: p. 213-233.
600 1 0 _aAdriani, Alberto,
_d1898-1936.
_923271
650 4 _aEconomistas venezolanos
_vBiografías
_932944
650 4 _aPolíticos
_zVenezuela
_vBiografías
_932945
651 4 _aVenezuela
_xPolítica económica
_926230
651 0 _aVenezuela
_xPolítica y gobierno
_y1908-1935.
_926230
710 1 _aCentro de Estudios del Desarrollo.
_932946
830 0 _aMención publicación.
_929065
910 _aCatalogación por copia / LC
942 _2ddc
_cLBS1
999 _c14142
_d14142